Music Quiz

Random Music Quiz

Little Mix Tour Locations Quiz Stats

 Plays Quiz not verified by Sporcle

Support Sporcle.
Go Orange.
Score 0/172 Timer 08:00
0 Plays Today
Hint Answer % Correct
DNA TourLondon
86.7%
The Salute TourLondon
86.7%
The Get Weird TourLondon
86.7%
The Glory Days TourLondon
86.7%
LM5: The TourLondon
86.7%
The Confetti TourLondon
86.7%
DNA TourManchester
80%
The Salute TourManchester
80%
The Get Weird TourManchester
80%
The Glory Days TourManchester
80%
LM5: The TourManchester
80%
The Confetti TourManchester
80%
DNA TourLiverpool
73.3%
DNA TourCardiff
73.3%
The Salute TourLiverpool
73.3%
The Salute TourCardiff
73.3%
The Get Weird TourCardiff
73.3%
The Get Weird TourLiverpool
73.3%
The Glory Days TourLiverpool
73.3%
The Glory Days TourCardiff
73.3%
LM5: The TourLiverpool
73.3%
The Confetti TourLiverpool
73.3%
The Confetti TourCardiff
73.3%
DNA TourNewcastle
66.7%
DNA TourGlasgow
66.7%
DNA TourDublin
66.7%
DNA TourBelfast
66.7%
The Salute TourNewcastle
66.7%
The Salute TourGlasgow
66.7%
The Salute TourDublin
66.7%
The Salute TourBelfast
66.7%
The Get Weird TourNewcastle
66.7%
The Get Weird TourGlasgow
66.7%
The Get Weird TourDublin
66.7%
The Get Weird TourBelfast
66.7%
The Get Weird TourMelbourne
66.7%
The Glory Days TourMelbourne
66.7%
The Glory Days TourNewcastle
66.7%
The Glory Days TourGlasgow
66.7%
The Glory Days TourDublin
66.7%
The Glory Days TourBelfast
66.7%
The Summer Hits Tour 2018Swansea
66.7%
LM5: The TourBelfast
66.7%
LM5: The TourDublin
66.7%
LM5: The TourGlasgow
66.7%
LM5: The TourNewcastle
66.7%
The Confetti TourBelfast
66.7%
The Confetti TourDublin
66.7%
The Confetti TourNewcastle
66.7%
The Confetti TourGlasgow
66.7%
DNA TourNottingham
60%
DNA TourSheffield
60%
DNA TourBlackpool
60%
DNA TourBrighton
60%
DNA TourBournemouth
60%
The Salute TourBirmingham
60%
The Salute TourSheffield
60%
The Salute TourNottingham
60%
Hint Answer % Correct
The Salute TourBlackpool
60%
The Salute TourBournemouth
60%
The Salute TourBrighton
60%
The Get Weird TourBrighton
60%
The Get Weird TourBournemouth
60%
The Get Weird TourBirmingham
60%
The Get Weird TourNottingham
60%
The Get Weird TourLeeds
60%
The Get Weird TourSheffield
60%
The Get Weird TourAberdeen
60%
The Get Weird TourBrisbane
60%
The Get Weird TourSydney
60%
The Get Weird TourParis
60%
The Get Weird TourMadrid
60%
The Glory Days TourParis
60%
The Glory Days TourDerby
60%
The Glory Days TourBrisbane
60%
The Glory Days TourSydney
60%
The Glory Days TourAberdeen
60%
The Glory Days TourBirmingham
60%
The Glory Days TourLeeds
60%
The Glory Days TourSheffield
60%
The Glory Days TourNottingham
60%
The Summer Hits Tour 2018Derby
60%
The Summer Hits Tour 2018Aberdeen
60%
LM5: The TourMadrid
60%
LM5: The TourParis
60%
LM5: The TourSheffield
60%
LM5: The TourBirmingham
60%
LM5: The TourNottingham
60%
LM5: The TourLeeds
60%
The Confetti TourSheffield
60%
The Confetti TourBirmingham
60%
The Confetti TourLeeds
60%
The Confetti TourNottingham
60%
DNA TourEdinburgh
53.3%
DNA TourPlymouth
53.3%
DNA TourOxford
53.3%
DNA TourBristol
53.3%
The Salute TourEdinburgh
53.3%
The Salute TourPlymouth
53.3%
The Salute TourScarborough
53.3%
The Get Weird TourAmsterdam
53.3%
The Get Weird TourMilan
53.3%
The Get Weird TourBarcelona
53.3%
The Get Weird TourCork
53.3%
The Glory Days TourBerlin
53.3%
The Glory Days TourMilan
53.3%
The Glory Days TourAmsterdam
53.3%
The Glory Days TourEdinburgh
53.3%
The Glory Days TourScarborough
53.3%
The Glory Days TourPerth
53.3%
The Glory Days TourAdelaide
53.3%
The Glory Days TourAuckland
53.3%
LM5: The TourMilan
53.3%
LM5: The TourAmsterdam
53.3%
DNA TourRhyl
46.7%
DNA TourYork
46.7%
Hint Answer % Correct
DNA TourIpswich
46.7%
The Salute TourIsle of Wight
46.7%
The Get Weird TourCologne
46.7%
The Glory Days TourHull
46.7%
The Glory Days TourDundee
46.7%
The Glory Days TourColwyn Bay
46.7%
The Glory Days TourDurham
46.7%
The Glory Days TourCarlisle
46.7%
The Summer Hits Tour 2018Hove
46.7%
The Summer Hits Tour 2018Colchester
46.7%
The Summer Hits Tour 2018Hull
46.7%
The Summer Hits Tour 2018Bolton
46.7%
The Summer Hits Tour 2018Maidstone
46.7%
The Summer Hits Tour 2018Gateshead
46.7%
The Summer Hits Tour 2018Falkirk
46.7%
The Summer Hits Tour 2018Inverness
46.7%
LM5: The TourCologne
46.7%
DNA TourWolverhampton
40%
The Get Weird TourKuala Lumpur
40%
The Get Weird TourSingapore
40%
The Get Weird TourStockholm
40%
The Get Weird TourAntwerp
40%
The Get Weird TourZurich
40%
The Glory Days TourDusseldorf
40%
The Glory Days TourVienna
40%
The Glory Days TourZurich
40%
The Glory Days TourAntwerp
40%
The Glory Days TourStockholm
40%
The Glory Days TourSouthampton
40%
The Glory Days TourNorwich
40%
The Glory Days TourChiba
40%
The Summer Hits Tour 2018Northampton
40%
The Summer Hits Tour 2018Huddersfield
40%
The Summer Hits Tour 2018Norwich
40%
LM5: The TourAntwerp
40%
The Get Weird TourCopenhagen
33.3%
The Get Weird TourChelmsford
33.3%
The Get Weird TourNewmarket
33.3%
The Glory Days TourBirkenhead
33.3%
The Glory Days TourCopenhagen
33.3%
The Glory Days TourNewmarket
33.3%
The Glory Days TourGloucester
33.3%
The Glory Days TourMonmouthshire
33.3%
The Glory Days TourKobe
33.3%
The Get Weird TourTokyo
26.7%
The Get Weird TourOsaka
26.7%
The Get Weird TourNagoya
26.7%
The Get Weird TourOslo
26.7%
The Get Weird TourStaffordshire
26.7%
The Glory Days TourMunich
26.7%
LM5: The TourStuttgart
26.7%
The Get Weird TourManila
20%
The Glory Days TourTwickenham
20%
The Glory Days TourExeter
20%
The Summer Hits Tour 2018Lincoln
13.3%
The Glory Days TourArdingly
6.7%

You're not logged in!

Compare scores with friends on all Sporcle quizzes.
OR
Log In

From the Vault

Meals For Hobbits

by WealthyHorse

I dunno about you, but this is more in line with how often I choose to eat.
Remove Ads.
Support Sporcle.
Get the best of Sporcle when you Go Orange. This ad-free experience offers more features, more stats, and more fun while also helping to support Sporcle. Thank you for becoming a member.

Show Comments

Extras

Top Quizzes Today


Score Distribution

Your Account Isn't Verified!

In order to create a playlist on Sporcle, you need to verify the email address you used during registration. Go to your Sporcle Settings to finish the process.

Report this User

Report this user for behavior that violates our Community Guidelines.

Details: